000 00515nam a22001697a 4500
003 OSt
005 20140310182517.0
008 130810t xxu||||| |||| 00| 0 eng d
020 _a9789710445455
050 _aPL 6055
_b.Es77 2009
100 _aEspina, Leticia D.
_99385
245 _aPagbasa at Pagsulat Tungo Sa Pananaliksik (Filipino 2) /
_cLeticia D. Espina, et. al.
260 _aIntramuros, Manila :
_bMIndshapers Co., Inc.
_cc2009.
300 _a223 p. :
_c25 cm.
942 _2lcc
_cSSLC
999 _c13979
_d13979